Statistics for All DCEU Movies!

Click here to take the quiz!

General Stats

  • This quiz has been taken 402 times
  • The average score is 13 of 15

Answer Stats

HintAnswer% Correct
2013Man of Steel
100%
2017Justice League
97%
2017Wonder Woman
97%
2021Zack Snyder's Justice League
97%
2016Batman V. Superman: Dawn of Justice
95%
2018Aquaman
93%
2022The Flash
90%
2021The Suicide Squad
90%
2016Suicide Squad
89%
2020Wonder Woman 1984
87%
2019Shazam!
84%
2020Birds of Prey
73%
2024Black Adam
72%
2022Aquaman II
70%
2023Shazam: Fury of The Gods
65%

Score Distribution

Percentile by Number Answered

Percent of People with Each Score

Your Score History

You have not taken this quiz